000 00432nam a2200181Ia 4500
001 1518
005 20260306143734.0
008 260306t2013||||xx |||||||||||||| ||spa||
041 _aESP
082 _a150.72
_bG23
100 _aGarcía Cadena, Cirilo H.
_eAUT
245 0 _aCómo investigar en psicología
260 _c2013
300 _a224 páginas :
_c23 cm.
650 _aGEN
654 _aCPS
942 _cLIB
_dJUS
_fJUS
_2ddc
_n
999 _c1518
_d1518